Pays avec la plus grande réserve d'eau douce - Statistiques

Statistiques générales
  • Ce quiz a été pris 142 fois
  • Le résultat moyen est 7 sur 10
Statistiques - réponses
Hint Réponse % Correct
7% Etats-Unis
97%
10% Russie
97%
7% Chine
94%
7% Canada
93%
13% Brésil
86%
3% Inde
80%
5% Indonésie
54%
5% Colombie
51%
4% Pérou
48%
2% Birmanie
11%
Aucun quiz correspondant
Distribution des résultats
% des personnes avec chaque résultat
Percentile par nombre de réponses
Votre historique - résultats
Vous n’avez pas pris ce quiz